Normal view
MARC view
- WITTICH, WALTER ARNO,SCHULLER, C. F
Entry Personal Name
001 - CONTROL NUMBER
- control field: 60241
003 - CONTROL NUMBER IDENTIFIER
- control field: NUST
005 - DATE AND TIME OF LATEST TRANSACTION
- control field: 20210628202517.0
008 - FIXED-LENGTH DATA ELEMENTS
- fixed length control field: 210628|| aca||aabn | a|a d
040 ## - CATALOGING SOURCE
- Original cataloging agency: NUST
- Transcribing agency: NUST
100 ## - HEADING--PERSONAL NAME
- Personal name: WITTICH, WALTER ARNO,SCHULLER, C. F
670 ## - SOURCE DATA FOUND
- Source citation: Work cat.: (NUST): WITTICH, WALTER ARNO,SCHULLER, C. F, AUDIO VISUAL MATERIALS THEIR NATURE AND USE, 1953
